| 000 | 00401nam a2200157Ia 4500 | ||
|---|---|---|---|
| 008 | 210716s2006 xx 000 0 und d | ||
| 020 | _a9780195678437 | ||
| 041 | _aeng | ||
| 082 | _a659.1JETJ | ||
| 100 | _aJethwaney, Jaishri;Jain Shruti. | ||
| 245 | _aAdvertising management. | ||
| 250 | _a1 | ||
| 260 |
_aNew Delhi _bOxford University Press _c2006 |
||
| 300 | _axii,716 | ||
| 650 | _aAdvertising | ||
| 999 |
_c202559 _d202559 |
||